| Tag |
First Indicator |
Second Indicator |
Subfields |
| LEADER |
00000cam a2200000 4500 |
| 001 |
in00000067352 |
| 005 |
20151008051928.0 |
| 008 |
740121s1934 mau b 00000 eng u |
| 010 |
|
|
|a 34015283
|
| 035 |
|
|
|a (OCoLC)00779598
|
| 035 |
|
|
|9 AAH0776AM
|
| 040 |
|
|
|c CSU
|d TXA
|d UtOrBLW
|
| 049 |
|
|
|a TXAM
|c 1 [227728]
|
| 050 |
|
0 |
|a LB2822
|b .D63
|
| 082 |
0 |
|
|a [371.1472] 373
|
| 092 |
|
|
|a 373
|b D737a
|
| 100 |
1 |
|
|a Douglass, Harl R.
|q (Harl Roy),
|d 1892-1972.
|
| 245 |
1 |
0 |
|a Supervision in secondary schools /
|c by Harl R. Douglass...and Charles W. Boardman...
|
| 264 |
|
1 |
|a Boston,
|a New York [etc.] :
|b Houghton Mifflin Company,
|c [1934]
|
| 264 |
|
4 |
|c [©1934]
|
| 300 |
|
|
|a xvi, 564p :
|b diagrams ;
|c 21cm.
|
| 336 |
|
|
|a text
|b txt
|2 rdacontent
|
| 337 |
|
|
|a unmediated
|b n
|2 rdamedia
|
| 338 |
|
|
|a volume
|b nc
|2 rdacarrier
|
| 490 |
1 |
|
|a Riverside textbooks in education
|
| 504 |
|
|
|a Includes bibliographies.
|
| 650 |
|
0 |
|a School superintendents.
|
| 650 |
|
0 |
|a High schools.
|
| 650 |
|
0 |
|a School management and organization.
|
| 650 |
|
0 |
|a Education, Secondary.
|
| 650 |
|
0 |
|a Teaching.
|
| 700 |
1 |
|
|a Boardman, Charles Willis,
|d 1885-
|
| 830 |
|
0 |
|a Riverside textbooks in education.
|
| 999 |
|
|
|a MARS
|
| 999 |
f |
f |
|s d82a5abb-d0b0-3541-8a8b-93d68a1b2406
|i 36c9f3c0-f996-3b1b-ada5-dd37ab8249ef
|t 0
|
| 952 |
f |
f |
|p normal
|a Texas A&M University
|b College Station
|c Sterling C. Evans Library
|d Evans: Library Stacks
|t 0
|e LB2822 .D63
|h Library of Congress classification
|i unmediated -- volume
|m A14818372688
|
| 998 |
f |
f |
|a LB2822 .D63
|t 0
|l Evans: Library Stacks
|